00578 2200229 4500001002100000005001500021035002500036006001800061008004100079020002200120082000800142090001400150100002000164245002400184250001100208260004300219084001400262990001800276990001800294990001800312990001800330INLIS00000000001199120230720093428 a0010-081600000000161a ||| |230720 |  a978-979-3631-87-5 a900 a900 SUD g0 aSUDARSONO KATAM1 aGEDUNG SATE BANDUNG aCet. 1 aBANDUNG :bPT KIBLAT BUKU UTAMA,c2009 a900 SUD g a15542/PC/2016 a15543/PC/2016 a15543/PC/2016 a15542/PC/2016